000 00662nam a2200241Ia 4500
003 OSt
005 20220928113550.0
006 a|||||r|||| 00| 0
007 ta
008 220927b |||||||| |||| 00| 0 eng d
024 _a57332
037 _cTextual
040 _aSDCL
_cSDCL
_beng
041 _2eng
_aeng
082 _aY31:7:7.2'N7, M1
100 _aKherde R L
_9433833
245 0 _aRole performance and role prediction
260 _aNew Delhi
_bNational Publishing
_c1981
300 _avii,195p
_ccm.
700 _a Sahay B N
_9433834
942 _hY31:7:7.2'N7, M1
_cTEXL
_2CC
999 _c750242
_d750242